[Event "EU-chT Seniors 11th"]
[Site "Velden"]
[Date "2009.04.05"]
[Round "1"]
[White "Kugelmann, Werner"]
[Black "Johanssen, Tom J"]
[Result "1-0"]
[WhiteElo "2190"]
[BlackElo "1891"]
[PlyCount "121"]
[EventDate "2009.04.05"]
[EventType "team-swiss"]
[EventRounds "9"]
[EventCountry "AUT"]
[SourceTitle "CBM 129 Extra"]
[Source "ChessBase"]
[SourceDate "2009.05.05"]
[SourceVersion "2"]
[SourceVersionDate "2009.05.20"]
[SourceQuality "1"]

1. e4 c5 2. Nc3 Nc6 3. f4 d6 4. Nf3 g6 5. Bc4 Bg7 6. d3 Nf6 7. 0-0 0-0 8. Qe1 a6 9. a4 e5 10. Bd2 exf4 11. Bxf4 Be6 12. Rd1 Ng4 13. Bg5 Qd7 14. Bd5 Rae8 15. Qh4 h6 16. Bc1 Bf6 17. Bxe6 Qxe6 18. Qh3 Nb4 19. Bxh6 Nxh6 20. Qxh6 Bg7 21. Qh4 Bf6 22. Ng5 Bxg5 23. Qxg5 Kg7 24. Rd2 Qe5 25. Qe3 Nd5 26. Nxd5 Qxd5 27. Qf2 Qe5 28. c3 f5 29. d4 cxd4 30. Qxd4 fxe4 31. Qxe5+ Rxe5 32. Rxd6 Ref5 33. Rxf5 gxf5 34. g3 Rf7 35. Kf2 Rf6 36. Rd7+ Kg6 37. Rxb7 Rd6 38. Ke2 Kg5 39. Rg7+ Kf6 40. Rg8 Rb6 41. b4 Rc6 42. Ra8 Kg5 43. Kd2 Kg4 44. b5 axb5 45. axb5 Rh6 46. Ke3 Rd6 47. c4 Rd3+ 48. Ke2 Rb3 49. Rg8+ Kh3 50. Rh8+ Kg2 51. Rh5 Rb2+ 52. Ke3 Rb3+ 53. Kd2 Rf3 54. Rh6 Kf2 55. Re6 Rd3+ 56. Kc2 Rd8 57. Re5 Rf8 58. c5 e3 59. c6 f4 60. gxf4 Rxf4 61. Kd3 1-0